000 00509nam a2200217Ia 4500
003 OSt
005 20220928143921.0
006 a|||||r|||| 00| 0
007 ta
008 220927b |||||||| |||| 00| 0 eng d
024 _a23357
037 _cTextual
040 _aSDCL
_cSDCL
_beng
041 _2eng
_aeng
082 _aQ1.x, L7
100 _aLal Krishna
_9506240
245 0 _aVedic-sangrahey
260 _c1977
942 _hQ1.x, L7
_cTEXL
_2CC
999 _c825303
_d825303